[Event "UT RGV-Kozminski Univ Online Battle"]
[Site "chess24.com INT"]
[Date "2020.06.13"]
[Round "1.8"]
[White "Kowalec, Maciej"]
[Black "Nurbekov, Askar"]
[Result "0-1"]
[WhiteElo "2092"]
[BlackElo "2049"]
[PlyCount "66"]
[EventDate "2020.06.13"]
[EventType "team-match (rapid)"]
[EventRounds "8"]
[EventCountry "USA"]
[SourceTitle "CBM 196 Extra"]
[Source "ChessBase"]
[SourceDate "2020.07.31"]
[SourceVersion "1"]
[SourceVersionDate "2020.07.31"]
[SourceQuality "1"]
[WhiteTeam "Kozminski Univ"]
[BlackTeam "Texas Rio Grande Valley Univ"]
[WhiteTeamCountry "POL"]
[BlackTeamCountry "USA"]

1. d4 d5 2. Nf3 Nf6 3. e3 g6 4. c4 Bg7 5. Nc3 c6 6. Be2 0-0 7. 0-0 Nbd7 8. b3 e5 9. Nxe5 Nxe5 10. dxe5 Ne4 11. Nxe4 dxe4 12. Bb2 Qg5 13. Qc2 Bxe5 14. Bxe5 Qxe5 15. Rad1 Re8 16. Rd4 Bf5 17. Rfd1 h5 18. c5 Kg7 19. b4 Bg4 20. h3 Bf5 21. a4 Rac8 22. b5 Re6 23. Bc4 Rf6 24. Bb3 cxb5 25. Rd5 Qe7 26. axb5 a6 27. bxa6 bxa6 28. Qc3 Kh7 29. Qc4 Be6 30. Qxe4 Qb7 31. Qd4 Qxb3 32. Qxf6 Bxd5 33. Rc1 Qb4 0-1

[Event "Pavlodar-ch School"]
[Site "Pavlodar"]
[Date "2007.09.14"]
[Round "10"]
[White "Nurbekov, Askar"]
[Black "Aligozhin, Zhaslan"]
[Result "0-1"]
[WhiteElo "2111"]
[BlackElo "2342"]
[PlyCount "54"]
[EventDate "2007.09.05"]
[EventType "tourn"]
[EventRounds "11"]
[EventCountry "KAZ"]
[SourceTitle "EXT 2022"]
[Source "ChessBase"]
[SourceDate "2021.10.06"]
[SourceVersion "1"]
[SourceVersionDate "2021.10.06"]
[SourceQuality "1"]

1. Nf3 d5 2. d4 Nf6 3. c4 c6 4. Nbd2 Bf5 5. Qb3 Qb6 6. c5 Qc7 7. g3 b6 8. cxb6 axb6 9. Bg2 Nbd7 10. 0-0 e6 11. Ne5 Nxe5 12. dxe5 Nd7 13. f4 Be7 14. Qc3 Ra4 15. Kh1 f6 16. b3 Ra5 17. e4 dxe4 18. Nxe4 fxe5 19. Bb2 0-0 20. b4 Rd5 21. Rac1 Rd4 22. Nf2 Bxb4 23. Qf3 e4 24. Qe3 Rd2 25. Bc3 Bxc3 26. Rxc3 Rxa2 27. Nxe4 c5 0-1

[Event "Pavlodar-ch School"]
[Site "Pavlodar"]
[Date "2007.09.09"]
[Round "5"]
[White "Nurbekov, Askar"]
[Black "Ospanov, Nazar"]
[Result "1/2-1/2"]
[WhiteElo "2111"]
[BlackElo "2130"]
[PlyCount "36"]
[EventDate "2007.09.05"]
[EventType "tourn"]
[EventRounds "11"]
[EventCountry "KAZ"]
[SourceTitle "EXT 2022"]
[Source "ChessBase"]
[SourceDate "2021.10.06"]
[SourceVersion "1"]
[SourceVersionDate "2021.10.06"]
[SourceQuality "1"]

1. e4 c5 2. Nf3 e6 3. d4 cxd4 4. Nxd4 Nf6 5. Nc3 d6 6. g4 a6 7. g5 Nfd7 8. Be3 Nc6 9. h4 Qa5 10. f4 Be7 11. Bc4 Qb4 12. Bxe6 Qxb2 13. Nd5 Bd8 14. Rb1 Qa3 15. Bxd7+ Bxd7 16. Rxb7 Ne7 17. Qf3 Qa4 18. 0-0 Nxd5 1/2-1/2

[Event "Pavlodar-ch School"]
[Site "Pavlodar"]
[Date "2007.09.05"]
[Round "1"]
[White "Nurbekov, Askar"]
[Black "Nukin, Ashat"]
[Result "1-0"]
[WhiteElo "2111"]
[BlackElo "2210"]
[PlyCount "57"]
[EventDate "2007.09.05"]
[EventType "tourn"]
[EventRounds "11"]
[EventCountry "KAZ"]
[SourceTitle "EXT 2022"]
[Source "ChessBase"]
[SourceDate "2021.10.06"]
[SourceVersion "1"]
[SourceVersionDate "2021.10.06"]
[SourceQuality "1"]

1. e4 e5 2. Nc3 Nf6 3. Nf3 Nc6 4. d4 Bb4 5. Nxe5 Qe7 6. Qd3 Nxe5 7. dxe5 Qxe5 8. Bd2 Bxc3 9. Bxc3 Qxe4+ 10. Qxe4+ Nxe4 11. Bxg7 Rg8 12. Bd4 d5 13. f3 Nd6 14. g4 Be6 15. h4 f5 16. g5 Bf7 17. Kf2 Bh5 18. Bd3 Kd7 19. Be5 Rgf8 20. Kg3 c5 21. c3 Rf7 22. Kf4 Kc6 23. Rae1 c4 24. Bc2 Raf8 25. Bxd6 Kxd6 26. Re2 Re7 27. Rhe1 Rxe2 28. Rxe2 b5 29. Bxf5 1-0